| 000 | 00681nam a2200205Ia 4500 | ||
|---|---|---|---|
| 003 | GCL | ||
| 008 | 140319s9999 xx 000 0 ara d | ||
| 040 |
_aGCL / _cGCL |
||
| 082 | 0 | 4 |
_a813.088 _bم ل |
| 100 | 1 | _aمرزوق هلال | |
| 245 | 1 | 0 |
_aلمحات من حياة الرسول صلى الله عليه وسلم / _cمرزوق هلال |
| 260 |
_a[S.N] : _bدار الكتب الاسلامية ، _c1990 |
||
| 300 | _a16 | ||
| 490 |
_aسلسلة المسرح الاسلامى للناشئين _v0 |
||
| 650 | 0 | 4 | _aالسيرة النبوية |
| 650 | 0 | 4 | _aالاطفال |
| 650 | 0 | 4 | _aقصص الانبياء |
| 650 | 0 | 4 | _aالقصص الدينية |
| 942 |
_2ddc _cBK |
||
| 999 |
_c57640 _d57640 |
||